000 00461nam a2200121Ia 4500
008 220616s9999||||xx |||||||||||||| ||und||
245 0 _aAcademia in Crisis
_bThe Rise and Risk of Neoliberal Education in Europe
546 _aEnglish[eng]
650 _aEducation
700 _aDonskis, Leonidas||Sabelis, Ida||Kamsteeg, Frans||Wels, Harry
856 _uhttps://library.oapen.org/bitstream/20.500.12657/37851/1/9789004402034_webready_content_text.pdf
942 _cEB
999 _c20154
_d20154